Players who have played the most Champions league finals - Statistics

General Stats
  • This quiz has been taken 80 times
  • The average score is 10 of 20
Answer Stats
Finals Nationality Player % Correct
6 Portugal Cristiano Ronaldo
100%
4 France Karim Benzema
86%
4 Croatia Luka Modric
85%
4 Wales Gareth Bale
84%
4 Spain Sergio Ramos
79%
4 Germany Toni Kroos
74%
6 Italy Paolo Maldini
73%
4 Brazil Marcelo
63%
4 Spain Andres Iniesta
59%
4 Wales Ryan Giggs
59%
4 Spain Dani Carvajal
47%
4 Italy Andrea Pirlo
36%
5 France Patrice Evra
36%
5 Netherlands Clarence Seedorf
34%
4 Spain Isco
27%
4 France Didier Deschamps
22%
5 Netherlands Edwin van der Sar
22%
4 Italy Allessandro Del Piero
18%
4 Netherlands Edgard Davids
16%
4 Spain Fernando Morientes
4%
No matching quizzes found
Score Distribution
Percent of People with Each Score
Percentile by Number Answered
Your Score History
You have not taken this quiz